000 00634nam a2200241Ia 4500
005 20250425161101.0
008 250425s9999 xx 000 0 und d
020 _a8432967084
041 _aspa
082 _a621.31
100 _aRAMÍREZ VÁZQUEZ, JOSÉ
245 0 _aESQUEMAS CEAC DE ELECTRICIDAD: 103 NUEVOS ESQUEMAS DE INSTALACIONES DE VIVIENDAS
250 _a1A ED.
260 _aBARCELONA
260 _aEspaña
_bCEAC
_c1985
300 _a215
650 _aALUMBRADO
650 _aCONEXIONES
650 _aESQUEMAS ELECTRICOS
650 _aINSTALACIONES ELECTRICAS INTERIORES
942 _c01
010 _a12132
999 _c202082
_d202082